=LDR 00000nam 2200000 4500 =001 INLIS000000000002588 =005 20130612090919 =008 ***********************************Ind** =035 ##$$0010-061300000002588 =041 ##$$a Ind =082 ##$$a 616.849 =090 ##$$a 616.849, Pri p =100 ##$$a Prihaarjo, Robert =245 ##$$a Perawat nyeri, pemenuhan aktivitas istirahat pasien, Robert Priharjo; Editor, Yasmin Asih =260 ##$$a 1993 $b Jakarta =300 ##$$a viii,100 hlm, ilus, 19 cm =650 ##$$a Nyeri =700 ##$$a Asih, Yasmin =850 ##$$a NBPNMAT